লোডিং...

ENVIRONMENTAL SCIENCE AND TECHNOLOGY: A SUSTAINABLE APPROACH TO GREEN SCIENCE AND TECHNOLOGY

গ্রন্থ-পঞ্জীর বিবরন
প্রধান লেখক: MANAHAN STANLEY E
বিন্যাস: Printed Book
প্রকাশিত: LONDON TAYLOR & FRANCIS 2007
সংস্করন:2
বিষয়গুলি:
LEADER 00704nam a2200181 4500
020 |a 849395127  |c 41.99 
082 |a 577.14 MAN 
100 |a MANAHAN STANLEY E 
245 |a ENVIRONMENTAL SCIENCE AND TECHNOLOGY: A SUSTAINABLE APPROACH TO GREEN SCIENCE AND TECHNOLOGY  |h ENGLISH 
250 |a 2 
260 |a LONDON  |b TAYLOR & FRANCIS  |c 2007 
300 |a 646  |f HB 
500 |a   
590 |d Pound 41.99 
650 |a ENVIRONMENTAL SCIENCE AND TECHNOLOGY-- A SUSTAINABLE APPROACH TO GREEN SCIENCE AND TECHNOLOGY 
942 |c BK 
999 |c 122649  |d 122649 
952 |0 0  |1 0  |4 0  |6 577_140000000000000_MAN  |7 0  |9 136111  |a CHE  |b CHE  |g 41.99  |l 0  |o 577.14 MAN  |p CHE3977  |r 2019-10-15  |w 2019-10-15  |y BK